Welcome to the Holygrace Academy Library

Please use search bar below to get started

THE RETURN OF THE PLANT THAT ATE DIRTY SOCKS (Record no. 5638)

MARC details
000 -LEADER
fixed length control field 00346nam a22001457a 4500
020 ## - INTERNATIONAL STANDARD BOOK NUMBER
ISBN 0-380-75873-3
082 ## - DEWEY DECIMAL CLASSIFICATION NUMBER
Classification number 823
Item number ART/R
100 ## - MAIN ENTRY--AUTHOR NAME
Personal name MCARTHUR, NANACY
245 ## - TITLE STATEMENT
Title THE RETURN OF THE PLANT THAT ATE DIRTY SOCKS
260 ## - PUBLICATION, DISTRIBUTION, ETC. (IMPRINT)
Place of publication NEWYORK
Name of publisher AVON BOOKS
Year of publication 1990
300 ## - PHYSICAL DESCRIPTION
Number of Pages 136
520 ## - SUMMARY, ETC.
Summary, etc ENGLISH STORY
650 ## - SUBJECT ADDED ENTRY--TOPICAL TERM
Topical Term ENGLISH STORY
942 ## - ADDED ENTRY ELEMENTS (KOHA)
Koha item type Books
Holdings
Withdrawn status Lost status Collection code Home library Current library Shelving location Date acquired Source of acquisition Full call number Accession Number Koha item type
    Fiction Main Library Main Library SHELF 15-I-CHILDREN'S STORYBOOKS 19/06/2010 Purchase 823 ART/R 05488 Books